From crisis to redesign: a lexicon for the new financial architecture (Record no. 42692)

000 -LEADER
fixed length control field 01125pab a2200157 454500
008 - FIXED-LENGTH DATA ELEMENTS--GENERAL INFORMATION
fixed length control field 180718b1999 xxu||||| |||| 00| 0 eng d
100 ## - MAIN ENTRY--PERSONAL NAME
Personal name Nayak, Jayendra
245 ## - TITLE STATEMENT
Title From crisis to redesign: a lexicon for the new financial architecture
260 ## - PUBLICATION, DISTRIBUTION, ETC.
Date of publication, distribution, etc. 1999
300 ## - PHYSICAL DESCRIPTION
Extent p.2859-866
362 ## - DATES OF PUBLICATION AND/OR SEQUENTIAL DESIGNATION
Dates of publication and/or sequential designation 2 Oct
520 ## - SUMMARY, ETC.
Summary, etc. Several proposals made for re-architecturing the international financial system are fraught with moral hazard and could thereby raise the probability of future crises occurring, although their immediate containment may be easier. This paper examines alternative ways in which financial crises are analytically represented, where explanations based on the fickleness of sentiment and of the panic that ensues compete with explanations based on the real economy antecedents and underpinnings of the crisis. Possible responses during a crisis are studied and measures for crisis prevention analysed. The implications of this for the new international financial architecture are discussed. - Reproduced
650 ## - SUBJECT ADDED ENTRY--TOPICAL TERM
Topical term or geographic name entry element International monetary systems
773 ## - HOST ITEM ENTRY
Main entry heading Economic and Political Weekly
909 ## -
-- 42692
Holdings
Withdrawn status Lost status Damaged status Not for loan Permanent Location Current Location Date acquired Serial Enumeration / chronology Barcode Date last seen Price effective from Koha item type
        Indian Institute of Public Administration Indian Institute of Public Administration 2018-07-19 Volume no: 34, Issue no: 40 AR43077 2018-07-19 2018-07-19 Articles

Powered by Koha